000 00311nam a22001337a 4500
008 171002b xxu||||| |||| 00| 0 eng d
020 _a0024213705
041 _aeng
080 _24TH
_a37
100 _a47
101 _aEDU
245 _aAN INTRODUCTION TO EDUCATIONAL RESEARCH
_cTRAVERS,R,M
942 _2udc
_cBK
999 _c31089
_d31089